000 00856nam a2200241 i 4500
001 176563
003 ES-MaACL
005 20230906220123.0
007 t|
008 110124q1950 sp 0001d spa d
080 _a821.134.2-22"19"
100 1 _aÁlvarez Quintero, Serafín,
_d1871-1938
_9226443
245 1 3 _aEl patio
_b: comedia en dos actos /
_cSerafín y Joaquín Alvarez Quintero.
260 _aMadrid :
_bs. n.,
_c1950?] (
_fArba, imp.)
300 _a56 p. ;
_c17 cm.
490 1 _aBiblioteca teatral ;
_v144
594 _aEn port.: Estrenada en el Teatro Lara el 10 de enero de 1900.
599 _aAntep. ilustrada.
700 1 _aÁlvarez Quintero, Joaquín,
_d1873-1944
_920922
830 1 _aBiblioteca teatral ;
_v144
_9190120
852 4 _aES-MaACL
_jE-14125 (144)
_xOlim P-302
_z- Enc. con otros títulos
999 _c176563
_d176563